000 00956nam a2200265Ia 4500
003 OSt
005 20220930092549.0
006 a|||||r|||| 00| 0
007 ta
008 220926b |||||||| |||| 00| 0 eng d
024 _a22939
037 _cTheses
040 _aCRL
_cCRL
_beng
041 _2eng
_aeng
100 _aSulekha Kumari
_9549132
110 _aUniversity of Delhi. Faculty of Medical Scicences. Department of Obstetrics and Gynaecology
_9549133
245 0 _aEvaluation of tests of fetal well being in pregnent women with reduced fetal movements
260 _c2015
650 _aWOMEN - DISEASES
700 _a Dr. Abha Sing Gu.
_9549134
700 _a Dr. Sushma Nangia and others Gu.
_9549135
700 _aUniversity of Delhi. Faculty of Medical Scicences. Department of Obstetrics and Gynaecology
_9549136
942 _cDIS
_2CC
999 _c883987
_d883987